000
00360nam a2200157 a 4500
008
190521s2008|||| d
100
1
_a
Cayce Edgar
245
1
0
_a
Léčivá síla lásky
260
_a
Bratislava
_c
2008
_b
Eko-konzult
250
_a
1.vydanie
020
_a
9788080790721
_c
0
958
_a
A
300
_a
172s.
041
_a
cze
044
_a
CZ
999
_c
20691
_d
20691